CHORDATE ZOOLOGY (Record no. 16203)
[ view plain ]
| 000 -LEADER | |
|---|---|
| fixed length control field | 00369nam a22001817a 4500 |
| 003 - CONTROL NUMBER IDENTIFIER | |
| control field | OSt |
| 005 - DATE AND TIME OF LATEST TRANSACTION | |
| control field | 20211102084948.0 |
| 008 - FIXED-LENGTH DATA ELEMENTS--GENERAL INFORMATION | |
| fixed length control field | 211102b |||||||| |||| 00| 0 eng d |
| 040 ## - CATALOGING SOURCE | |
| Transcribing agency | HU |
| 050 ## - LIBRARY OF CONGRESS CALL NUMBER | |
| Classification number | 1 |
| 082 ## - DEWEY DECIMAL CLASSIFICATION NUMBER | |
| Classification number | 596/DHA |
| 100 ## - MAIN ENTRY--PERSONAL NAME | |
| Personal name | P.S.DHAMI |
| 9 (RLIN) | 3855 |
| 245 ## - TITLE STATEMENT | |
| Title | CHORDATE ZOOLOGY |
| 250 ## - EDITION STATEMENT | |
| Edition statement | 1 |
| 260 ## - PUBLICATION, DISTRIBUTION, ETC. | |
| Date of publication, distribution, etc. | 1987 |
| 300 ## - PHYSICAL DESCRIPTION | |
| Extent | 1279 |
| 942 ## - ADDED ENTRY ELEMENTS (KOHA) | |
| Source of classification or shelving scheme | Dewey Decimal Classification |
| Koha item type | Books like text book referance book |
| Suppress in OPAC | No |
| Withdrawn status | Lost status | Source of classification or shelving scheme | Damaged status | Not for loan | Home library | Current library | Date acquired | Total Checkouts | Full call number | Barcode | Date last seen | Copy number | Price effective from | Koha item type |
|---|---|---|---|---|---|---|---|---|---|---|---|---|---|---|
| Dewey Decimal Classification | Natural & Computational Science Library | Natural & Computational Science Library | 11/02/2021 | 596/DHA | NSCLIB00011142 | 11/02/2021 | 8 | 11/02/2021 | Books like text book referance book | |||||
| Dewey Decimal Classification | Natural & Computational Science Library | Natural & Computational Science Library | 11/02/2021 | 579/DHA | NSCLIB00011046 | 11/02/2021 | 10 | 11/02/2021 | Books like text book referance book | |||||
| Dewey Decimal Classification | Natural & Computational Science Library | Natural & Computational Science Library | 11/02/2021 | 579/DHA | NSCLIB000016629 | 11/02/2021 | 3 | 11/02/2021 | Books like text book referance book | |||||
| Dewey Decimal Classification | Natural & Computational Science Library | Natural & Computational Science Library | 11/02/2021 | 596/DHA | NSCLIB000016630 | 11/02/2021 | 6 | 11/02/2021 | Books like text book referance book | |||||
| Dewey Decimal Classification | Natural & Computational Science Library | Natural & Computational Science Library | 11/02/2021 | 596/DHA | NSCLIB00007591 | 11/02/2021 | 5 | 11/02/2021 | Books like text book referance book | |||||
| Dewey Decimal Classification | Natural & Computational Science Library | Natural & Computational Science Library | 11/02/2021 | 596/DHA | NSCLIB000020467 | 11/02/2021 | 2 | 11/02/2021 | Books like text book referance book | |||||
| Dewey Decimal Classification | Natural & Computational Science Library | Natural & Computational Science Library | 11/02/2021 | 596/DHA | NSCLIB00011047 | 11/02/2021 | 9 | 11/02/2021 | Books like text book referance book | |||||
| Dewey Decimal Classification | Natural & Computational Science Library | Natural & Computational Science Library | 11/02/2021 | 596/DHA | NSCLIB000020432 | 11/02/2021 | 6 | 11/02/2021 | Books like text book referance book |